Ultimate FRIENDS Quiz - Statistics

General Stats
  • This quiz has been taken 15 times
  • The average score is 5 of 15
Answer Stats
Question Answer % Correct
How much do Rachel and Phoebe win at the Beauty Pageant they take Emma to? $1000
71%
How many embryos were implanted in Phoebe before surrogacy? 5
71%
Which are the only two FRIENDS that have not shared a kiss? Monica and Joey
71%
How many rat babies did Phoebe discover in her cupboard? 7
43%
What animal did Rachel use to describe her sex with Ross? Chipmunk
36%
What was the name of the 'punchin-girl' Joey dated? Katie
36%
Which guest star appeared on the show after losing a bet with Matthew Perry? Bruce Willis
29%
What does Monica give Paolo after Rachel breaks up with him? Lasagne
29%
Which 3 characters arrived for Ben's Christmas with Ross? Armadillo, Superman and Santa
21%
On the morning of Phoebe and Mike's wedding, what gets sent to billing address opposed to the shipping address? Ice sculpture
21%
What store does Phoebe get her wedding dress from whilst pregnant with the triplets? It's not too late
21%
When Erica goes into labour with Monica & Chandler's twins, what does she think the initial stomach cramps are from? Eating too much
14%
In Vegas, when Chandler and Monica attempt to get married, what are Monica's something old, something new, something borrowed and something blue? A blue jumper/sweater and an old condom in Chandlers wallet
7%
In the final episode, what gets stuck in the fussball table? Chick and Duck Junior
0%
When Rachel's sister Amy takes care of Emma, what does she do? Pierces Emma's ears
0%
No matching quizzes found
Score Distribution
Percent of People with Each Score
Percentile by Number Answered
Your Score History
You have not taken this quiz